[Event "OLNO 2324 SV Empor Berlin - SK König Te"]
[Site "?"]
[Date "2023.10.22"]
[Round "1.3"]
[White "Mueller, Nick"]
[Black "Milanovic, Danilo"]
[Result "0-1"]
[WhiteElo "2361"]
[BlackElo "2395"]
[PlyCount "176"]
[EventDate "2023.??.??"]

1. e4 d5 2. exd5 Qxd5 3. Nc3 Qd6 4. d4 c6 5. Ne4 Qe6 6. Qe2 Nf6 7. f3 Qd5 8. Bd2 Bf5 9. c4 Qe6 10. Nh3 Nxe4 11. Nf4 Qd7 12. fxe4 Bg4 13. Qf2 e5 14. h3 exf4 15. hxg4 c5 16. d5 Bd6 17. Bc3 f6 18. g5 Qe7 19. gxf6 gxf6 20. O-O-O Nd7 21. Be2 Qxe4 22. Rh3 O-O-O 23. Bd3 Qe7 24. Rdh1 Rdg8 25. Rxh7 Rxh7 26. Rxh7 Rg7 27. Rh8+ Kc7 28. Bd2 Ne5 29. Be2 Ng6 30. Rh3 Rh7 31. Rxh7 Qxh7 32. Bd3 Qh4 33. Qxh4 Nxh4 34. Be4 f5 35. Bf3 Be5 36. b3 Kd6 37. Kd1 Ke7 38. d6+ Bxd6 39. Bxb7 Ng6 40. Ke2 Kd7 41. Bd5 Bc7 42. a3 a5 43. Be1 Bd8 44. Bc3 Bc7 45. b4 axb4 46. axb4 cxb4 47. Bxb4 Ne7 48. Kd3 Be5 49. Bf3 Ke6 50. Be1 Kd6 51. Bf2 Ke6 52. Bb7 Kd7 53. c5 Ng8 54. Kc4 Nf6 55. Be1 Bc7 56. Ba6 Ng4 57. Bb7 Ne3+ 58. Kb5 Ng4 59. Bd2 Nf6 60. Bb4 Ng4 61. Bf3 Nf6 62. Ka6 Kc8 63. Bc6 Ng4 64. Kb5 Nf6 65. Kc4 Kd8 66. Be1 Ke7 67. Bh4 Ke6 68. Bf2 Ke7 69. Bd4 Ng4 70. Bf3 Ke6 71. Bd5+ Ke7 72. Bf3 Ke6 73. Kb5 Kd7 74. Ka6 Kc8 75. Bd5 Ne3 76. Bb7+ Kd7 77. Kb5 Ng4 78. Bc6+ Kd8 79. Bd5 Kd7 80. Bf3 Ne3 81. Ka6 Kc8 82. Bf6 Ng4 83. Bg5 Kb8 84. Kb5 Kc8 85. Kc6 Ne3 86. g3 Nc2 87. Bf6 fxg3 88. Bd5 Nb4+ 0-1

[Event "OLNO 2324 SV Empor Berlin - SK König Te"]
[Site "?"]
[Date "2023.10.22"]
[Round "1.4"]
[White "Volke, Karsten"]
[Black "Rabiega, Robert"]
[Result "1/2-1/2"]
[WhiteElo "2432"]
[BlackElo "2468"]
[PlyCount "32"]
[EventDate "2023.??.??"]

1. e4 e5 2. Nf3 Nc6 3. Bb5 a6 4. Ba4 Nf6 5. O-O d6 6. d4 b5 7. dxe5 dxe5 8. Qxd8+ Nxd8 9. Bb3 Bd6 10. Re1 Bb7 11. Nc3 Ne6 12. Bd5 O-O-O 13. Bxb7+ Kxb7 14. Ng5 Nxg5 15. Bxg5 Be7 16. Rad1 c6 1/2-1/2

[Event "OLNO 2324 SV Empor Berlin - SK König Te"]
[Site "?"]
[Date "2023.10.22"]
[Round "1.5"]
[White "Sarbok, Torsten"]
[Black "Thinius, Marco"]
[Result "0-1"]
[WhiteElo "2344"]
[BlackElo "2350"]
[PlyCount "80"]
[EventDate "2023.??.??"]

1. e4 c6 2. d4 d5 3. Nc3 dxe4 4. Nxe4 Bf5 5. Ng3 Bg6 6. Nf3 e6 7. Be2 Nd7 8. O-O Ngf6 9. c3 Be7 10. Nh4 Qc7 11. Re1 Nd5 12. Nf3 O-O 13. Bd3 Bxd3 14. Qxd3 c5 15. dxc5 Nxc5 16. Qe2 Rfe8 17. Ne4 Nxe4 18. Qxe4 Rad8 19. Bg5 Bxg5 20. Nxg5 Nf6 21. Qe2 Rd5 22. Nf3 Red8 23. Red1 h6 24. Rxd5 Rxd5 25. c4 Rd8 26. b3 Qd6 27. g3 a5 28. Rc1 Qa3 29. Rc3 a4 30. Qc2 axb3 31. axb3 Qd6 32. Kg2 e5 33. h3 e4 34. Ng1 Qc6 35. Kf1 h5 36. Ne2 Qe6 37. Kg2 Qf5 38. Nc1 h4 39. g4 Nxg4 40. Qe2 Qe5 0-1

[Event "OLNO 2324 SV Empor Berlin - SK König Te"]
[Site "?"]
[Date "2023.10.22"]
[Round "1.6"]
[White "Szajbely, Zsigmond"]
[Black "Von Herman, Ulf"]
[Result "0-1"]
[WhiteElo "2247"]
[BlackElo "2303"]
[PlyCount "114"]
[EventDate "2023.??.??"]

1. e4 c5 2. c3 d5 3. exd5 Qxd5 4. d4 g6 5. Nf3 Bg7 6. Nbd2 cxd4 7. Bc4 Qd8 8. cxd4 Nh6 9. O-O O-O 10. Qe2 Nc6 11. Nb3 Bg4 12. Rd1 Nf5 13. Be3 Nh4 14. Bg5 Bxf3 15. gxf3 Nf5 16. d5 Ne5 17. d6 Nxd6 18. Bd5 h6 19. Bxh6 Bxh6 20. Qxe5 Bg7 21. Qg3 Qb6 22. Qxg6 e6 23. Qg3 exd5 24. Rxd5 Rfd8 25. Rg5 Ne8 26. Re1 Qh6 27. Re4 Rd6 28. Reg4 Rad8 29. Kg2 b6 30. a4 Kf8 31. a5 Rd5 32. Qf4 Rxg5 33. Rxg5 Qd6 34. Qc4 Bf6 35. Rg4 Bxb2 36. a6 Bf6 37. Nc1 Qc5 38. Qf4 Rd4 39. Qb8 Qc7 40. Qb7 Qxb7 41. axb7 Rd8 42. h4 Rb8 43. h5 Bg7 44. Ne2 Rxb7 45. Ng3 b5 46. Nf5 Rb6 47. Rh4 Bf6 48. Rh1 b4 49. h6 b3 50. h7 Bh8 51. Ne3 b2 52. Rb1 a5 53. Nc4 Rb5 54. Kf1 Rc5 55. Nxb2 Rb5 56. Ra1 Bxb2 57. Ra2 Kg7 0-1

[Event "OLNO 2324 SV Empor Berlin - SK König Te"]
[Site "?"]
[Date "2023.10.22"]
[Round "1.7"]
[White "Eilenberg, Jonas"]
[Black "Nitsche-Hahn, Raphael"]
[Result "1-0"]
[WhiteElo "2324"]
[BlackElo "2129"]
[PlyCount "99"]
[EventDate "2023.??.??"]

1. e4 c5 2. Nf3 Nc6 3. Bc4 e6 4. O-O Nf6 5. Re1 d5 6. exd5 Nxd5 7. d4 Nb6 8. Bb5 cxd4 9. Nxd4 Bd7 10. Nxc6 Bxc6 11. Bxc6+ bxc6 12. Qg4 Qf6 13. Nc3 Be7 14. Qe4 Rc8 15. Be3 O-O 16. Rad1 Qg6 17. Rd3 Qxe4 18. Nxe4 c5 19. Nd6 Rc6 20. Bf4 c4 21. Rd2 Bf6 22. c3 Nd5 23. Bg3 Nxc3 24. Rc2 Nxa2 25. Ra1 Nb4 26. Rxc4 Rxc4 27. Nxc4 Rd8 28. Kf1 Rd7 29. Bd6 Nd3 30. Ra6 Bd4 31. Ke2 Nxf2 32. Be5 Bxe5 33. Nxe5 Rd5 34. Nc6 Rb5 35. Kxf2 Rxb2+ 36. Kf3 h5 37. Rxa7 Rb3+ 38. Kf4 Rb2 39. Kf3 Rb3+ 40. Ke4 Rb2 41. Ra8+ Kh7 42. Kf3 Rb3+ 43. Kf2 f6 44. h3 Rb7 45. Ra7 Rb6 46. Nd4 Kg8 47. Re7 e5 48. Nf5 Rb4 49. Nxg7 h4 50. Nh5 1-0

[Event "OLNO 2324 SV Empor Berlin - SK König Te"]
[Site "?"]
[Date "2023.10.22"]
[Round "1.8"]
[White "Jahn, Thomas"]
[Black "Acikel, Mert"]
[Result "0-1"]
[WhiteElo "2182"]
[BlackElo "2222"]
[PlyCount "66"]
[EventDate "2023.??.??"]

1. e4 e5 2. f4 d5 3. exd5 exf4 4. Nf3 Nf6 5. Be2 Nxd5 6. c4 Nf6 7. Nc3 Be6 8. d4 c6 9. O-O h6 10. Bd3 g5 11. Ne4 Nxe4 12. Bxe4 Nd7 13. b3 Nf6 14. Bc2 Bd6 15. Bb2 Be7 16. Re1 Qc7 17. d5 cxd5 18. cxd5 Rd8 19. Rc1 Rxd5 20. Qe2 Qb6+ 21. Kh1 g4 22. Ne5 Rg8 23. Be4 Rd8 24. Nc4 Qa6 25. Bf5 f3 26. Qe5 fxg2+ 27. Kg1 Rg5 28. Ne3 Qb6 29. Kxg2 Rd2+ 30. Kh1 Rxf5 31. Nxf5 Bd5+ 32. Qxd5 Nxd5 33. Ba3 Qf2 0-1

[Event "OLNO 2324 SC Weisse Dame - SC Kreuzberg"]
[Site "?"]
[Date "2023.10.22"]
[Round "1.1"]
[White "Glantz, Robert"]
[Black "Gelman, Josef"]
[Result "1-0"]
[WhiteElo "2365"]
[BlackElo "2101"]
[PlyCount "71"]
[EventDate "2023.??.??"]

1. e4 c5 2. Nf3 Nc6 3. Bb5 g6 4. Bxc6 dxc6 5. d3 Bg7 6. h3 Nf6 7. a4 O-O 8. O-O Nd7 9. Nbd2 b5 10. Re1 e5 11. Ra2 Re8 12. Nb3 c4 13. dxc4 bxc4 14. Nbd2 Nc5 15. Qe2 c3 16. bxc3 Ba6 17. Qe3 Ne6 18. g3 f5 19. c4 f4 20. Qe2 fxg3 21. fxg3 Nd4 22. Nxd4 Qxd4+ 23. Kg2 Rad8 24. Ra3 Qd7 25. Rf3 Bc8 26. g4 Qe7 27. Ba3 Qg5 28. Rd3 h5 29. Nf3 Qf4 30. Bc1 Qf7 31. Ng5 Qxc4 32. gxh5 Rxd3 33. cxd3 Qb4 34. hxg6 Bh6 35. Qa2+ Be6 36. Nxe6 1-0

[Event "OLNO 2324 SC Weisse Dame - SC Kreuzberg"]
[Site "?"]
[Date "2023.10.22"]
[Round "1.2"]
[White "Buyukasik, Diyap"]
[Black "Dubessay, Bastien"]
[Result "1/2-1/2"]
[WhiteElo "2232"]
[BlackElo "2286"]
[PlyCount "240"]
[EventDate "2023.??.??"]

1. Nf3 d5 2. c4 d4 3. g3 Nf6 4. Bg2 Nc6 5. O-O e5 6. d3 a5 7. e3 Be7 8. exd4 exd4 9. Na3 O-O 10. Nb5 Ne8 11. Bf4 g5 12. Bc1 Ng7 13. Re1 Bf6 14. Nd2 Nb4 15. Ne4 Be7 16. f4 c6 17. Na3 g4 18. Nc2 f5 19. Nf2 c5 20. a3 Na6 21. Bd2 a4 22. Rb1 Rb8 23. b3 axb3 24. Rxb3 Bd6 25. a4 b6 26. Qb1 Bd7 27. Qa2 Bc7 28. Na3 Qf6 29. Nb5 Bc6 30. Bd5+ Bxd5 31. cxd5 Qf7 32. Rbb1 h5 33. Qc4 Bd8 34. Re5 h4 35. Rbe1 Ra8 36. d6 Nb8 37. a5 Nc6 38. axb6 Nxe5 39. fxe5 Qxc4 40. dxc4 Ne6 41. Nc7 Bxc7 42. dxc7 hxg3 43. hxg3 Ra3 44. Rb1 Rxg3+ 45. Kf1 Rf3 46. b7 Nxc7 47. b8=Q Rxb8 48. Rxb8+ Kf7 49. Rb7 g3 50. Rxc7+ Ke6 51. Rc6+ Kxe5 52. Rxc5+ Ke6 53. Be1 d3 54. Rd5 Rf4 55. Rxd3 gxf2 56. Re3+ Kf7 57. Bxf2 Rxc4 58. Kg2 Rg4+ 59. Kf3 Rb4 60. Re5 Kf6 61. Ra5 Rb3+ 62. Be3 Rb4 63. Bd2 Rc4 64. Be1 Kg6 65. Ra6+ Kf7 66. Bd2 Rd4 67. Bg5 Rd1 68. Kf4 Rd5 69. Bf6 Rd1 70. Be5 Rf1+ 71. Kg5 Ke7 72. Bf4 Kd7 73. Kxf5 Re1 74. Rd6+ Ke7 75. Rd3 Rf1 76. Rc3 Kd7 77. Rc7+ Kd8 78. Ra7 Kc8 79. Rf7 Re1 80. Rh7 Rf1 81. Ke5 Rf2 82. Rf7 Rf1 83. Kd6 Rf2 84. Rc7+ Kb8 85. Rc4 Kb7 86. Rb4+ Ka6 87. Be5 Rf5 88. Bc3 Rf3 89. Bd4 Rh3 90. Bc5 Rh6+ 91. Kd5 Ka5 92. Rb3 Rh1 93. Kc6 Rh6+ 94. Bd6 Rh4 95. Rb8 Ka4 96. Be7 Rh6+ 97. Kc5 Rh5+ 98. Kc4 Rb5 99. Ra8+ Ra5 100. Rh8 Rb5 101. Bc5 Rb4+ 102. Kd5 Rg4 103. Bd4 Kb3 104. Rh3+ Kb4 105. Bc5+ Ka5 106. Rb3 Rg5+ 107. Kc4 Rg4+ 108. Bd4 Ka6 109. Rb6+ Ka5 110. Rb7 Rg6 111. Ra7+ Ra6 112. Rh7 Rg6 113. Rf7 Rh6 114. Bf2 Rg6 115. Rf5+ Ka6 116. Rf7 Ka5 117. Rf3 Ka6 118. Ra3+ Kb7 119. Ra7+ Kc8 120. Kd5 Rg5+ 1/2-1/2

[Event "OLNO 2324 SC Weisse Dame - SC Kreuzberg"]
[Site "?"]
[Date "2023.10.22"]
[Round "1.3"]
[White "Matthes, Aaron"]
[Black "Moeller, Hendrik"]
[Result "1/2-1/2"]
[WhiteElo "2182"]
[BlackElo "2273"]
[PlyCount "200"]
[EventDate "2023.??.??"]

1. d4 d5 2. Nf3 c5 3. c4 e6 4. cxd5 exd5 5. g3 Nc6 6. Bg2 Nf6 7. O-O Be7 8. dxc5 Bxc5 9. a3 O-O 10. b4 Be7 11. Nc3 Re8 12. Bb2 Bg4 13. h3 Be6 14. Nd4 Qd7 15. Nxe6 fxe6 16. Qb3 Nd4 17. Qd1 Nc6 18. e3 a5 19. b5 Na7 20. Qb3 Rad8 21. Rfd1 Bc5 22. Rac1 b6 23. a4 Qf7 24. Ba3 Bxa3 25. Qxa3 Nc8 26. Ne2 Nd6 27. Rc6 Nc4 28. Qa2 Rc8 29. e4 Rxc6 30. bxc6 Ne5 31. exd5 exd5 32. Nf4 Nxc6 33. Nxd5 Nb4 34. Nxb4 axb4 35. Qxf7+ Kxf7 36. Rb1 Re6 37. Rxb4 Rd6 38. Bf1 Ke6 39. Kg2 Kd5 40. Kf3 Kc5 41. Rc4+ Kd5 42. Rc7 Rd7 43. Rc8 Ke5 44. Bb5 Rf7 45. Ke2 g5 46. Bc6 Kd4 47. Bf3 Ra7 48. Bc6 Rf7 49. Kf1 Re7 50. Bf3 Rg7 51. Bc6 Re7 52. Kg2 Re6 53. Bb5 Ne4 54. Rc4+ Ke5 55. Rc7 h6 56. Be2 Rf6 57. Bf3 Nc5 58. Ra7 Nd3 59. Re7+ Kd6 60. Re8 Nc5 61. Bd1 Kd7 62. Re3 Kd6 63. Bc2 Ne6 64. Bd3 Nc5 65. Bb5 Kd5 66. Rf3 Rd6 67. Rf8 Ke5 68. Kf3 Rd4 69. Rb8 Nxa4 70. Bxa4 Rxa4 71. Rxb6 h5 72. Rh6 h4 73. g4 Ra3+ 74. Kg2 Ra5 75. Rg6 Ke4 76. Rf6 Rb5 77. Re6+ Kf4 78. Rf6+ Ke4 79. f3+ Kd4 80. Re6 Rb2+ 81. Kf1 Rb1+ 82. Kf2 Rb2+ 83. Re2 Rb3 84. Ra2 Ke5 85. Ke2 Kf4 86. Ra4+ Kg3 87. Ra5 Kxh3 88. Rxg5 Kg2 89. Rh5 h3 90. g5 Rxf3 91. g6 Rg3 92. Rf5 h2 93. Rf2+ Kh3 94. Rf1 Rg1 95. Rf3+ Kh4 96. Rf8 Rxg6 97. Kf2 Ra6 98. Rh8+ Kg4 99. Kg2 Ra2+ 100. Kh1 Kg3 1/2-1/2

[Event "OLNO 2324 SC Weisse Dame - SC Kreuzberg"]
[Site "?"]
[Date "2023.10.22"]
[Round "1.4"]
[White "Waldmann, Hans-Joachim"]
[Black "Groetzbach, Julian"]
[Result "1/2-1/2"]
[WhiteElo "2272"]
[BlackElo "2244"]
[PlyCount "112"]
[EventDate "2023.??.??"]

1. d4 d5 2. c4 e6 3. Nc3 Bb4 4. Nf3 Nf6 5. e3 O-O 6. Bd3 b6 7. O-O Ba6 8. cxd5 exd5 9. Ne5 Bd6 10. Bxa6 Nxa6 11. Ng4 c6 12. Bd2 Re8 13. Rc1 Re6 14. h3 Nc7 15. Nxf6+ Qxf6 16. Na4 Qe7 17. Qc2 Rc8 18. Nc3 Rd8 19. Kh1 Ne8 20. Ne2 Bb8 21. a3 Qd7 22. Qd3 Rh6 23. Ng1 Nf6 24. f3 Qd6 25. f4 Ne4 26. Be1 Re8 27. Nf3 Qg6 28. Qc2 Qd6 29. Kg1 Qd7 30. b4 Rc8 31. Qb3 Re6 32. Rd1 f6 33. a4 Nd6 34. b5 Nc4 35. Bf2 Rce8 36. Rfe1 cxb5 37. axb5 Qe7 38. Rd3 Rc8 39. Rc3 Bd6 40. Rec1 Re8 41. Rxc4 dxc4 42. Rxc4 Qf7 43. Qd3 R6e7 44. d5 f5 45. Ng5 Qf6 46. Rc6 Rd7 47. Ne6 Rxe6 48. dxe6 Qxe6 49. Qe2 Rd8 50. Be1 Qd5 51. Bc3 Bc5 52. Rc7 Rd7 53. Rc8+ Rd8 54. Rc7 Rd7 55. Rc8+ Rd8 56. Rc7 Rd7 1/2-1/2

[Event "OLNO 2324 SC Weisse Dame - SC Kreuzberg"]
[Site "?"]
[Date "2023.10.22"]
[Round "1.6"]
[White "Zhou, Lepu Coco"]
[Black "Glienke, Manfred"]
[Result "1/2-1/2"]
[WhiteElo "1999"]
[BlackElo "2196"]
[PlyCount "48"]
[EventDate "2023.??.??"]

1. e4 c6 2. d4 d5 3. e5 c5 4. c4 cxd4 5. Nf3 Nc6 6. Nxd4 dxc4 7. Nxc6 Qxd1+ 8. Kxd1 bxc6 9. Bxc4 e6 10. Nc3 Ne7 11. Bd2 Nd5 12. Rc1 Rb8 13. Bb3 Nb4 14. Bc4 Nd5 15. Ne4 Be7 16. Bb3 Bd7 17. Nc5 Rb5 18. Nxd7 Kxd7 19. Ba4 Rc5 20. Ke2 Nb6 21. Rxc5 Bxc5 22. Bb3 Bd4 23. Rd1 Kc7 24. f4 Rd8 1/2-1/2

[Event "OLNO 2324 SC Weisse Dame - SC Kreuzberg"]
[Site "?"]
[Date "2023.10.22"]
[Round "1.7"]
[White "Dathe, Frederick"]
[Black "Uhl, Heinz"]
[Result "1-0"]
[WhiteElo "2108"]
[BlackElo "2133"]
[PlyCount "119"]
[EventDate "2023.??.??"]

1. c4 c5 2. Nc3 Nf6 3. g3 d5 4. cxd5 Nxd5 5. Bg2 Nc7 6. e3 e5 7. Nge2 Be7 8. d4 exd4 9. exd4 cxd4 10. Nxd4 O-O 11. O-O a5 12. Bf4 Bf6 13. Ndb5 Nxb5 14. Nxb5 Na6 15. Nd6 Nc5 16. Rc1 Ne6 17. Be3 Bxb2 18. Rb1 Ba3 19. Nxc8 Qxd1 20. Rfxd1 Raxc8 21. Rxb7 Bc5 22. Bxc5 Rxc5 23. Ra7 g5 24. Bf3 Rfc8 25. Bg4 R8c7 26. Ra8+ Kg7 27. Bxe6 fxe6 28. Rd6 Kf7 29. Rd2 R7c6 30. Re2 Kf6 31. Kg2 g4 32. Re4 h5 33. Ra4 Rf5 34. R4xa5 Rc2 35. Rf8+ Kg6 36. Rfxf5 exf5 37. a4 Rc1 38. Ra6+ Kg7 39. h4 Ra1 40. Ra7+ Kg6 41. a5 Kf6 42. a6 Kg6 43. Ra8 Kh7 44. a7 Kg7 45. f4 Kh7 46. Kf2 Kg7 47. Ke3 Ra4 48. Kd3 Kh7 49. Kc3 Kg7 50. Kb3 Ra5 51. Kb4 Ra6 52. Kc5 Ra5+ 53. Kd6 Ra6+ 54. Ke5 Ra5+ 55. Ke6 Kh7 56. Kf6 Ra6+ 57. Kxf5 Ra5+ 58. Kf6 Ra6+ 59. Ke7 Kg7 60. f5 1-0

[Event "OLNO 2324 SC Weisse Dame - SC Kreuzberg"]
[Site "?"]
[Date "2023.10.22"]
[Round "1.8"]
[White "Kaiser, Martin"]
[Black "Vogel, Constantin"]
[Result "1-0"]
[WhiteElo "2160"]
[BlackElo "2168"]
[PlyCount "59"]
[EventDate "2023.??.??"]

1. e4 e6 2. d4 d5 3. Nc3 Nf6 4. e5 Nfd7 5. f4 c5 6. Nf3 Nc6 7. Be3 a6 8. Ne2 Qb6 9. Qc1 Be7 10. c3 O-O 11. g3 cxd4 12. Nexd4 Nxd4 13. Bxd4 Qc7 14. Bg2 Nc5 15. O-O Bd7 16. Qe3 Bb5 17. Rfd1 Rac8 18. h4 Ba4 19. b3 Bb5 20. Kh2 a5 21. Ng5 h6 22. Nh3 a4 23. Rab1 axb3 24. axb3 Ra8 25. f5 exf5 26. Nf4 Rfc8 27. Nxd5 Qd8 28. c4 Bd7 29. Nxe7+ Qxe7 30. Bxc5 1-0

[Event "OLNO 2324 SG Güstrow-Teterow - TSG Ober"]
[Site "?"]
[Date "2023.11.19"]
[Round "2.1"]
[White "Rosenthal, Dirk"]
[Black "Von Alvensleben, Wolfram"]
[Result "1-0"]
[WhiteElo "2386"]
[BlackElo "2246"]
[PlyCount "87"]
[EventDate "2023.??.??"]

1. e4 c6 2. Nc3 d5 3. Nf3 dxe4 4. Nxe4 Nf6 5. Nxf6+ exf6 6. Bc4 Qe7+ 7. Qe2 Qxe2+ 8. Bxe2 Bd6 9. O-O O-O 10. d4 Re8 11. Re1 Na6 12. c3 Nc7 13. Bd2 Be6 14. Bf1 Rad8 15. h3 Bd5 16. Rxe8+ Rxe8 17. Ne1 Ne6 18. Nd3 Rd8 19. Re1 c5 20. dxc5 Nxc5 21. Be3 Nxd3 22. Bxd3 b6 23. Bc2 g5 24. a4 Be6 25. Rd1 h6 26. a5 Bc7 27. axb6 Rxd1+ 28. Bxd1 axb6 29. Kf1 Kf8 30. Ke2 Bc4+ 31. Ke1 Ke7 32. Be2 Bd5 33. f3 f5 34. Kd2 f6 35. c4 Bc6 36. b4 Ke6 37. Kc3 f4 38. Bf2 h5 39. b5 Bb7 40. c5 Be5+ 41. Kb4 bxc5+ 42. Kxc5 Bd6+ 43. Kb6 Bd5 44. Ka7 1-0

[Event "OLNO 2324 SG Güstrow-Teterow - TSG Ober"]
[Site "?"]
[Date "2023.11.19"]
[Round "2.2"]
[White "Seiler, Dirk"]
[Black "Schoewel, Matthias"]
[Result "1/2-1/2"]
[WhiteElo "2124"]
[BlackElo "2222"]
[PlyCount "78"]
[EventDate "2023.??.??"]

1. d4 d5 2. c4 e6 3. Nc3 Nf6 4. cxd5 exd5 5. Bg5 Be7 6. e3 c6 7. Qc2 O-O 8. Bd3 Nbd7 9. Nge2 Re8 10. O-O Nf8 11. Rab1 h6 12. Bh4 Nh5 13. Bxe7 Qxe7 14. b4 Nf6 15. b5 Bd7 16. bxc6 Bxc6 17. Qb3 Red8 18. Qb4 Rd6 19. Ng3 g6 20. Rfc1 Ne6 21. a4 a6 22. a5 h5 23. h3 h4 24. Nge2 Re8 25. Na4 Nd7 26. Nc5 Nexc5 27. dxc5 Re6 28. Nd4 Rf6 29. Nxc6 Rxc6 30. Qxb7 Rxc5 31. Rxc5 Nxc5 32. Qxe7 Rxe7 33. Bf1 Rd7 34. Rb6 d4 35. exd4 Rxd4 36. Rc6 Ne4 37. Rc4 Rxc4 38. Bxc4 Nc5 39. Kf1 Nb7 1/2-1/2

[Event "OLNO 2324 SG Güstrow-Teterow - TSG Ober"]
[Site "?"]
[Date "2023.11.19"]
[Round "2.3"]
[White "Horn, Sven"]
[Black "Luther, Alexander"]
[Result "1/2-1/2"]
[WhiteElo "2094"]
[BlackElo "2082"]
[PlyCount "112"]
[EventDate "2023.??.??"]

1. d4 Nf6 2. Nf3 e6 3. c4 d5 4. g3 dxc4 5. Bg2 a6 6. O-O Nc6 7. a4 Rb8 8. Nc3 Bd7 9. Ne5 Nxe5 10. dxe5 Ng8 11. Qd4 Ne7 12. Qxc4 Bc6 13. Rd1 Qc8 14. e4 Ng6 15. f4 Be7 16. h4 Bd7 17. h5 Nf8 18. Be3 b5 19. axb5 axb5 20. Qe2 c5 21. Qf2 c4 22. Kh2 Ra8 23. Rxa8 Qxa8 24. Bc5 Qc8 25. Bxe7 Kxe7 26. Qb6 Qc6 27. Rd6 Qxb6 28. Rxb6 g6 29. Nxb5 Bxb5 30. Rxb5 Nd7 31. Bf1 Rc8 32. Kg2 gxh5 33. Rb4 c3 34. bxc3 Rxc3 35. Rb7 Kd8 36. Bb5 Nc5 37. Rxf7 Nxe4 38. Rd7+ Kc8 39. Rd3 Rc2+ 40. Kf3 Nc5 41. Ra3 Kd8 42. Ra7 Rc3+ 43. Kg2 Ne4 44. Rd7+ Kc8 45. Rd3 Rc2+ 46. Kf3 Nc5 47. Rd4 Kc7 48. Rc4 Rxc4 49. Bxc4 Kd7 50. Kg2 Ke7 51. Kh3 Kf7 52. Kh4 Kg6 53. Be2 Kf5 54. Bxh5 Nd3 55. Bg4+ Ke4 56. Bxe6 Nxf4 1/2-1/2

[Event "OLNO 2324 SG Güstrow-Teterow - TSG Ober"]
[Site "?"]
[Date "2023.11.19"]
[Round "2.4"]
[White "Kiel, Bernd"]
[Black "Raitza, Olaf"]
[Result "1-0"]
[WhiteElo "1991"]
[BlackElo "2047"]
[PlyCount "99"]
[EventDate "2023.??.??"]

1. e4 Nf6 2. e5 Nd5 3. c4 Nb6 4. c5 Nd5 5. Bc4 e6 6. Nc3 Nxc3 7. dxc3 Nc6 8. Qh5 Bxc5 9. Nf3 h6 10. Bg5 Be7 11. Bxe7 Qxe7 12. O-O g6 13. Qg4 d5 14. Bd3 Bd7 15. Rfe1 O-O-O 16. a4 Rdg8 17. h4 g5 18. h5 Re8 19. Nd4 Nxd4 20. cxd4 Qb4 21. Rec1 Kb8 22. a5 Rhf8 23. Bf1 Rc8 24. Rc5 b6 25. Rcc1 c5 26. axb6 axb6 27. Qe2 b5 28. dxc5 Rxc5 29. Rxc5 Qxc5 30. Qd2 b4 31. Qd3 Bc6 32. Qh7 g4 33. g3 d4 34. Qxh6 Rc8 35. Bg2 Bxg2 36. Kxg2 Qxe5 37. Qd2 Qd6 38. Qd3 Qc6+ 39. Kg1 Rh8 40. Qxd4 Rxh5 41. Qd8+ Kb7 42. Qa8+ Kc7 43. Ra7+ Kd6 44. Qd8+ Ke5 45. Ra5+ Ke4 46. Rxh5 Qc1+ 47. Kg2 Qxb2 48. Qa8+ Kd3 49. Qa6+ Kd2 50. Qd6+ 1-0

[Event "OLNO 2324 SG Güstrow-Teterow - TSG Ober"]
[Site "?"]
[Date "2023.11.19"]
[Round "2.5"]
[White "Jauk, Wilhelm"]
[Black "Scharf, Christian"]
[Result "1/2-1/2"]
[WhiteElo "2157"]
[BlackElo "1538"]
[PlyCount "76"]
[EventDate "2023.??.??"]

1. d4 Nf6 2. Nf3 d5 3. e3 c5 4. c3 e6 5. Nbd2 Nbd7 6. Ne5 Nxe5 7. dxe5 Nd7 8. f4 c4 9. Nf3 Nc5 10. Be2 Be7 11. O-O Bd7 12. Bd2 b5 13. Qc2 a5 14. Nd4 g6 15. a3 h5 16. Rf3 Ne4 17. Be1 b4 18. axb4 axb4 19. Rxa8 Qxa8 20. cxb4 Qa2 21. Rf1 O-O 22. Bf3 Rb8 23. Bxe4 dxe4 24. b5 Bxb5 25. Bc3 Qa8 26. Nxb5 Rxb5 27. Bd4 Qc6 28. Ra1 Bc5 29. Qxc4 Qb6 30. Bxc5 Rxc5 31. Qd4 Qb5 32. Ra8+ Kg7 33. Qd8 Rc1+ 34. Kf2 Rc2+ 35. Kg3 Rxg2+ 36. Kxg2 Qe2+ 37. Kg1 Qe1+ 38. Kg2 Qe2+ 1/2-1/2

[Event "OLNO 2324 SG Güstrow-Teterow - TSG Ober"]
[Site "?"]
[Date "2023.11.19"]
[Round "2.6"]
[White "Gebert-Vangeel, Ralf"]
[Black "Hommel, Niclas"]
[Result "0-1"]
[WhiteElo "2003"]
[BlackElo "2091"]
[PlyCount "86"]
[EventDate "2023.??.??"]

1. e4 c5 2. Nf3 d6 3. d4 cxd4 4. Nxd4 Nf6 5. Nc3 Nc6 6. Be3 Ng4 7. Nxc6 bxc6 8. Qd2 Nxe3 9. Qxe3 Qb6 10. Qxb6 axb6 11. Bd3 g6 12. O-O Bg7 13. Nd1 O-O 14. a3 Bd7 15. c3 b5 16. Ne3 Rfb8 17. f4 c5 18. f5 Ra7 19. Rad1 Bc6 20. Ng4 h5 21. Ne3 Be5 22. Bc2 g5 23. Rb1 b4 24. axb4 cxb4 25. Nc4 Bf6 26. cxb4 Rxb4 27. b3 Ra2 28. Bd3 Bd4+ 29. Kh1 d5 30. exd5 Bxd5 31. Rf3 Bxf3 32. gxf3 Rb8 33. Be4 Kg7 34. Rd1 Ra1 35. Rxa1 Bxa1 36. Na5 Kf6 37. Nb7 Bd4 38. b4 Bc3 39. b5 Bd4 40. Kg2 Bb6 41. Kg3 Ke5 42. Kg2 Ra8 43. Kg3 Ra2 0-1

[Event "OLNO 2324 SG Güstrow-Teterow - TSG Ober"]
[Site "?"]
[Date "2023.11.19"]
[Round "2.7"]
[White "Boewer, Roland"]
[Black "Dettmann, Gerd"]
[Result "1/2-1/2"]
[WhiteElo "2166"]
[BlackElo "2119"]
[PlyCount "167"]
[EventDate "2023.??.??"]

1. e4 c5 2. d3 Nc6 3. Nf3 g6 4. Be3 Bg7 5. c3 d6 6. Be2 Nf6 7. h3 O-O 8. O-O b6 9. Nbd2 Bb7 10. Qc2 Rc8 11. Rac1 e6 12. Qb1 e5 13. Rfe1 d5 14. Bg5 h6 15. Bh4 Re8 16. a3 Qd7 17. Bxf6 Bxf6 18. b4 d4 19. bxc5 bxc5 20. cxd4 cxd4 21. Nc4 Ba6 22. Qa2 Rc7 23. Nfd2 Rb8 24. Rb1 Rcb7 25. Rxb7 Rxb7 26. Rb1 Be7 27. Rc1 Bg5 28. Rb1 Bxd2 29. Nxd2 Na5 30. Rxb7 Qxb7 31. Nf3 Qb5 32. Qc2 Nc6 33. Nd2 Kg7 34. Nc4 Qc5 35. Qa4 Bb5 36. Qb3 a6 37. Kf1 Bxc4 38. dxc4 Qa5 39. g3 Qd2 40. Qd3 Qc1+ 41. Kg2 Qc3 42. c5 Nb8 43. Qxc3 dxc3 44. Bd3 Kf8 45. Kf1 Ke7 46. Ke2 Nd7 47. Bxa6 Nxc5 48. Bd3 Kd6 49. f3 Ne6 50. Bc4 Ng5 51. Kd3 f6 52. Kxc3 Nxf3 53. Bf7 g5 54. Kc4 Nd4 55. a4 Ne2 56. g4 Kc6 57. a5 Kb7 58. Be6 Nf4 59. Bf5 Ka6 60. Kc5 Nxh3 61. Kd6 Ng1 62. Ke7 Kxa5 63. Kxf6 Nf3 64. Kg6 Kb4 65. Kxh6 Kc5 66. Kg6 Kd4 67. Kf6 Ke3 68. Ke6 Kf4 69. Kf6 Ke3 70. Ke6 Kf4 71. Kf6 Nd2 72. Kg6 Nc4 73. Kf6 Nd6 74. Kg6 Nb5 75. Kf6 Nd4 76. Kg6 Ne2 77. Kf6 Ng3 78. Kg6 Nh1 79. Kf7 Nf2 80. Kf6 Nxe4+ 81. Bxe4 Kxe4 82. Kxg5 Kd3 83. Kf6 e4 84. g5 1/2-1/2

[Event "OLNO 2324 SG Güstrow-Teterow - TSG Ober"]
[Site "?"]
[Date "2023.11.19"]
[Round "2.8"]
[White "Waschk, Armin"]
[Black "Nguyen, Phuc Nhat"]
[Result "1-0"]
[WhiteElo "2114"]
[BlackElo "1862"]
[PlyCount "79"]
[EventDate "2023.??.??"]

1. e4 e5 2. d4 Nc6 3. d5 Nce7 4. c4 Ng6 5. Nc3 Bc5 6. Nf3 Nf6 7. Be2 a6 8. O-O d6 9. a3 Bg4 10. Rb1 Qe7 11. b4 Ba7 12. Qd3 Nh5 13. g3 Bh3 14. Re1 Nf6 15. Nd1 h6 16. Be3 Bxe3 17. Nxe3 Nh7 18. c5 Ng5 19. Nd2 Qf6 20. Nf5 Bxf5 21. exf5 Nh3+ 22. Kf1 Ne7 23. Bg4 Ng5 24. f4 h5 25. fxg5 Qxg5 26. Bh3 Rd8 27. Ne4 Qh6 28. cxd6 cxd6 29. Kg1 g5 30. f6 Ng6 31. Bf5 h4 32. Bxg6 hxg3 33. Bxf7+ Kxf7 34. Qxg3 Rhg8 35. Qg4 Kg6 36. Rf1 Rh8 37. Rb2 Qh4 38. Qf5+ Kh6 39. f7 g4 40. Rg2 1-0

[Event "OLNO 2324 SC Kreuzberg - SK König Tegel"]
[Site "?"]
[Date "2023.11.19"]
[Round "2.1"]
[White "Bruedigam, Martin"]
[Black "Glantz, Robert"]
[Result "1/2-1/2"]
[WhiteElo "2365"]
[BlackElo "2369"]
[PlyCount "25"]
[EventDate "2023.??.??"]

1. e4 c5 2. Nf3 e6 3. g3 Nc6 4. Bg2 Nf6 5. Nc3 d6 6. d4 cxd4 7. Nxd4 Bd7 8. O-O Be7 9. Be3 O-O 10. Qe2 a6 11. a4 Rc8 12. Nxc6 Bxc6 13. Rfd1 1/2-1/2